sous vent (Record no. 1511)

MARC details
000 -LEADER
campo de control de longitud fija 00400nam a2200133 4500
008 - DATOS DE LONGITUD FIJA--INFORMACIÓN GENERAL
campo de control de longitud fija 708 M583s
020 ## - NÚMERO INTERNACIONAL ESTÁNDAR DEL LIBRO
Número Internacional Estándar del Libro 2879008484
082 ## - NÚMERO DE LA CLASIFICACIÓN DECIMAL DEWEY
Número de clasificación 708
Número de ítem M583s
100 ## - ENTRADA PRINCIPAL--NOMBRE DE PERSONA
Nombre de persona Messager, Annette
9 (RLIN) 6428
245 ## - MENCIÓN DEL TÍTULO
Título sous vent
260 ## - PUBLICACIÓN, DISTRIBUCIÓN, ETC.
Lugar de publicación, distribución, etc. París
Nombre del editor, distribuidor, etc. Les musées de la Ville de Paris
Fecha de publicación, distribución, etc. 2004
300 ## - DESCRIPCIÓN FÍSICA
Extensión 66 p.
Otras características físicas ill (col)
Dimensiones 19.5 x 26 cm
650 ## - PUNTO DE ACCESO ADICIONAL DE MATERIA--TÉRMINO DE MATERIA
Subdivisión general arte contemporáneo
-- arte - exhibiciones
-- arte - instalaciones
-- Francia
9 (RLIN) 6429
Holdings
Estatus retirado Estado de pérdida Fuente del sistema de clasificación o colocación Estado de daño No para préstamo Biblioteca de origen Biblioteca actual Ubicación en estantería Fecha de adquisición Total de préstamos Signatura topográfica completa Código de barras Visto por última vez Precio de reemplazo Tipo de ítem Koha
    Clasificación Decimal Dewey     Biblioteca LadoV Biblioteca LadoV   28/06/2018   708 M583s 001067 28/06/2018 28/06/2018 Material 01